000 00386nam a2200145Ia 4500
008 150201s2013 xx 000 0 und d
082 _a610.7367
_bH13S
100 _aSMELTZER, SUZANNE,C.
245 _aHB. FOR BRUNNER & SUDDARTH'S TB OF MEDICAL SURGICAL NURSING
250 _a12TH
260 _bWOLTER KLUWER
_aINDIA
_c2013
300 _a725
650 _aSURGERY
942 _2ddc
_cBK
_025
999 _c2396
_d2396